000 00442nam a2200217Ia 4500
003 IT-RoPAU
008 120407s9999 xx 000 0 und d
040 _aIT-RoPAU
040 _cIT-RoPAU
041 _afra
100 _aJacques Monod
245 _aLe hasard et la nécessité.
250 _aParis
260 _aDu Seuil
260 _c1970
300 _a244 p.
300 _c21 cm
490 _v1
942 _cBK
999 _c30151
_d30151